000 00548nam a22001815i 4500
001 171647
003 ES-MaACL
005 20250902055926.0
008 090525s1968 sp |||| | spa d
080 _a338.93(04)
100 1 _aSoldevilla García, Emilio.
_9107116
245 1 3 _aLa empresa, unidad económica de producción y distribución /
_cEmilio Soldevilla.
260 _aMadrid :
_bCompi,
_c[1968]
300 _a415 p. ;
_c22 cm.
650 1 7 _aEmpresas
_2embne
_912209
852 _aES-MaACL
_jG-5560
_9R.65904
999 _c171647
_d171647